सतह से शिखर तक : (Record no. 120181)

MARC details
000 -LEADER
fixed length control field 01236nam a22002657a 4500
005 - DATE AND TIME OF LATEST TRANSACTION
control field 20170124103154.0
010 ## - LIBRARY OF CONGRESS CONTROL NUMBER
LC control number B-157989
020 ## - INTERNATIONAL STANDARD BOOK NUMBER
Terms of availability 250.00
International Standard Book Number 8187775297
035 ## - SYSTEM CONTROL NUMBER
System control number B-157989
037 ## - SOURCE OF ACQUISITION
Source of stock number/acquisition Cen Lib/Ret
040 ## - CATALOGING SOURCE
Original cataloging agency DPL
Language of cataloging HN
082 ## - DEWEY DECIMAL CLASSIFICATION NUMBER
Classification number 920
Item number त्रिपाठी
100 ## - MAIN ENTRY--PERSONAL NAME
Personal name त्रिपाठी, कन्हैया
9 (RLIN) 40
245 ## - TITLE STATEMENT
Title सतह से शिखर तक :
Statement of responsibility, etc कन्हैया त्रिपाठी
Remainder of title भारत के राष्ट्रपति /
246 ## - VARYING FORM OF TITLE
Title proper/short title Satah se shikhar tak : bharat ke rashtrapati /
Remainder of title by Kanhiya Tripathi
260 ## - PUBLICATION, DISTRIBUTION, ETC. (IMPRINT)
Place of publication, distribution, etc नई दिल्ली
Name of publisher, distributor, etc आकाशदीप पब्लिकेशन्स
Date of publication, distribution, etc 2004
270 ## - ADDRESS
Address 1/1073 डी, महरौली
City नई दिल्ली
Postal code 110030
300 ## - PHYSICAL DESCRIPTION
Extent 210पृ.
Dimensions 21सेमी(सजिल्द)
500 ## - GENERAL NOTE
General note अनुक्रमणिका शामिल
650 ## - SUBJECT ADDED ENTRY--TOPICAL TERM
Topical term or geographic name as entry element हिन्दी साहित्य
9 (RLIN) 89019
650 ## - SUBJECT ADDED ENTRY--TOPICAL TERM
Topical term or geographic name as entry element भारत के राष्ट्रपति--जीवनी
9 (RLIN) 89020
650 ## - SUBJECT ADDED ENTRY--TOPICAL TERM
Topical term or geographic name as entry element Hindi literature
9 (RLIN) 89021
650 ## - SUBJECT ADDED ENTRY--TOPICAL TERM
Topical term or geographic name as entry element President of India--Biography
9 (RLIN) 89022
942 ## - ADDED ENTRY ELEMENTS (KOHA)
Source of classification or shelving scheme Dewey Decimal Classification
Koha item type Hindi Books
Classification part 920
Call number suffix त्रिपाठी
Holdings
Withdrawn status Lost status Damaged status Not for loan Home library Current library Date acquired Source of acquisition Cost, normal purchase price Total Checkouts Full call number Barcode Date last seen Copy number Cost, replacement price Price effective from Koha item type
        Central Library Central Library 21/09/2015 Cen Lib/Ret 250.00   920 त्रिपाठी B-157989 21/09/2015 1 250.00 21/09/2015 Hindi Books

© Delhi Public Library
Hit Counter
free hit counter